|
|
|
|
| LEADER |
00000cam a2200000 7i4500 |
| 001 |
0000017356 |
| 005 |
20080520.0 |
| 008 |
080516 |
| 020 |
|
|
|a 9833128106
|
| 090 |
0 |
0 |
|a 297.26
|b ABD
|
| 100 |
0 |
|
|a Abdul Shukor
|
| 245 |
1 |
0 |
|a Jenis-jenis penyakit dan cara merawatnya menurut Nabi SAW
|
| 260 |
|
|
|a Kuala Lumpur :
|b Jasmin Enterprise ,
|c 2004
|
| 650 |
|
0 |
|a Health
|x Religious aspects
|x Islam
|
| 650 |
|
0 |
|a Medicine
|x Religious aspect
|x Islam
|
| 999 |
|
|
|a 0001007318
|b Book
|c Adult Collection
|e Perbadanan Perpustakaan Awam Johor
|
| 999 |
|
|
|a 0001007319
|b Book
|c Adult Collection
|e Perbadanan Perpustakaan Awam Johor
|